| 000 | 01406cam a2200361 a 4500 | ||
|---|---|---|---|
| 001 | 3030 | ||
| 003 | FISKH | ||
| 005 | 20240131140111.0 | ||
| 008 | 920123s1993 nyua j b 001 0deng | ||
| 010 | _a 92001358 | ||
| 020 | _a0399218939 | ||
| 020 | _a630415007990 | ||
| 040 |
_aDLC _cDLC _dDLC _beng |
||
| 042 | _alcac | ||
| 043 | _an-us--- | ||
| 050 | 0 | 0 |
_aE185.615 _b.L477 1992 |
| 082 | 0 | 0 |
_a973/.0496073 _220 |
| 100 | 1 | _aLevine, Ellen. | |
| 245 | 1 | 0 |
_aFreedom's children : _byoung civil rights activists tell their own stories / _cEllen Levine ; illustrated with photographs. |
| 250 | _aThis edition published 2000 | ||
| 260 |
_aNew York : _bPuffin Books, _c1993 |
||
| 300 |
_a167 pages : _billustrations ; _c23 cm |
||
| 520 | _aSouthern blacks who were young and involved in the civil rights movement during the 1950s and 1960s describe their experiences. | ||
| 650 | 0 |
_aAfrican Americans _xCivil rights _vJuvenile literature. |
|
| 650 | 0 |
_aCivil rights movements _zUnited States _xHistory _y20th century _vJuvenile literature. |
|
| 650 | 0 |
_aAfrican Americans _vInterviews _vJuvenile literature. |
|
| 650 | 0 |
_aCivil rights workers _zUnited States _vInterviews _vJuvenile literature. |
|
| 650 | 1 |
_aAfrican Americans _xCivil rights. |
|
| 650 | 1 |
_aCivil rights movements _xHistory. |
|
| 650 | 1 | _aRace relations. | |
| 906 |
_a7 _bcbu _corignew _d1 _eocip _f19 _gy-gencatlg |
||
| 942 |
_2ddc _cBK _n0 |
||
| 999 |
_c3030 _d3030 |
||